LEADER 02091nam a2200409 u 4500 001 000000092428 003 CaOOAMICUS 005 20070226124934.0 008 060613s2005 be u000 u syr u 020 $a9042915676 (Peeters Leuven, T.) 020 $a2877238431 (Peeters France, T.) 020 $a9042915684 (Peeters Leuven, V.) 020 $a287723844X (Peeters France, V.) 035 $a11092263 040 $aPUL$bita 100 0 $aDionysius bar ?al?b?,$cvesc.,$dm. 1171.$0(OLS)http://pul/name/4290 245 12$aA response to the arabs /$cDionysius bar ?al?b? ; edited [and] translated by Joseph P. Amar. 260 $aLovanii :$bin aedibus Peeters,$c2005. 300 $a2 v. ;$c24 cm 490 1 $aCorpus scriptorum Christianorum Orientalium ;$v614-615.$aScriptores Syri ;$vt. 238-239 505 0 $av. 1 Testo. -- v. 2 Traduzione. 650 4$aApologetica.$0(OLS)http://pul/subject/414 700 1 $aAmar, Joseph P.$0(OLS)http://pul/name/59618 830 0$aCorpus scriptorum Christianorum Orientalium ;$vv. 614-615.$0(OLS)http://pul/title/40 830 0$aCorpus scriptorum Christianorum Orientalium.$pScriptores Syri ;$vt. 238-239.$0(OLS)http://pul/title/600 850 $aPUL 852 $aPUL$W1$xSL Religione 1$y3$m10(3) H 614-615$j116262$nBK-PRI$b $qStampati$B116262$CPULBib$Z2$F116262 $H $81 852 $aPUL$W1$xSL Religione 1$y3$m10(3) H 614-615$j116262$nBK-PRI$b $qStampati$B116263$CPULBib$Z2$F116263 $H $81 941 1 $a8 961 $aINV: 101687-101688 961 $aINV: 101687-101688 996 $6020$a9042915676 (Peeters Leuven, T.)$9(OLS)http://pul/number/121451 996 $6020$a2877238431 (Peeters France, T.)$9(OLS)http://pul/number/121452 996 $6020$a9042915684 (Peeters Leuven, V.)$9(OLS)http://pul/number/121453 996 $6020$a287723844X (Peeters France, V.)$9(OLS)http://pul/number/121454 996 $6245$aA response to the arabs$9(OLS)http://pul/title/119293 996 $6260$aLovanii :$bin aedibus Peeters$9(OLS)http://pul/publisher/60253 LEADER 01171nam a2200289 u 4500 001 000000081246 003 CaOOAMICUS 005 20070226123732.0 008 050317s1931 it u000 u ita u 035 $a11034837 040 $aPUL(R)$bita 041 1 $aita$hfre 100 1 $aDescartes, René,$d1596-1650.$0(OLS)http://pul/name/6016 240 10$aDiscours de la méthode$9(Descartes, René, 1569-1650).$lItaliano.$0(OLS)http://pul/title/106276 245 10$aDiscorso sul metodo /$cCartesio ; introduzione, traduzione note di G. De Ruggiero. 250 $a2. ed. 260 $aFirenze :$bVallecchi,$c1931. 300 $a94 p. ;$c20 cm 490 1 $aTesti filosofici commentati 700 1 $aDe Ruggiero, Guido,$d1888-1948.$0(OLS)http://pul/name/5898 830 0$aTesti filosofici commentati (Vallecchi).$0(OLS)http://pul/title/65858 850 $aPUL 852 $aPUL$W1$xDP1 Fondo Cecchetti$y53$m260 D 52$j193470$nBK-PRI$b $qFondi$B103681$CPULBib$Z2$F103681 $81 900 $aCartesio,$d1596-1650$96016 941 1 $a1 996 $6245$aDiscorso sul metodo$9(OLS)http://pul/title/79725 996 $6260$aFirenze :$bVallecchi$9(OLS)http://pul/publisher/47977